000 00285nam a22001337a 4500
008 210303b ||||| |||| 00| 0 eng d
041 _aeng
080 _a37
082 _a37
100 _a25
101 _aEDU
245 _aMonet and the Mediterranean
_cPisarro, J
942 _2udc
_cBK
999 _c55611
_d55611